Haciendo un álbum de recuerdos con Lizzie McGuire / (Registro nro. 15535)

Detalles MARC
000 -LEADER
fixed length control field 02092nam a22003017a 4500
003 - CONTROL NUMBER IDENTIFIER
control field OSt
005 - DATE AND TIME OF LATEST TRANSACTION
control field 20210414115911.0
008 - FIXED-LENGTH DATA ELEMENTS--GENERAL INFORMATION
fixed length control field 210414s2005 ck ao||dr|||| 00| 0 spa d
020 ## - INTERNATIONAL STANDARD BOOK NUMBER
International Standard Book Number 9580486905
040 ## - CATALOGING SOURCE
Original cataloging agency CO-JMCR
Transcribing agency CO-JMCR
041 1# - LANGUAGE CODE
Language code of text/sound track or separate title spa
Language code of original eng
082 04 - DEWEY DECIMAL CLASSIFICATION NUMBER
Classification number 745.593 /
Item number B218h
Edition number 23
100 1# - MAIN ENTRY--PERSONAL NAME
Personal name Banker, Susan M.,
Relator term autora
9 (RLIN) 36810
245 10 - TITLE STATEMENT
Title Haciendo un álbum de recuerdos con Lizzie McGuire /
Statement of responsibility, etc. Susan M Banker; traducción, Mariana Perdomo P. ; editor, Carol Field Dahlstrom
260 ## - PUBLICATION, DISTRIBUTION, ETC.
Place of publication, distribution, etc. Bogotá :
Name of publisher, distributor, etc. Norma,
Date of publication, distribution, etc. 2005
300 ## - PHYSICAL DESCRIPTION
Extent 80 páginas :
Other physical details ilustraciones y fotografías a color ;
Dimensions 23 cm.
500 ## - GENERAL NOTE
General note "Busca en el interior marcos de fotos y papeles estampados que podrás utilizar"--Tapa
505 0# - FORMATTED CONTENTS NOTE
Formatted contents note Una nota de Lizzie -- El tes de Lizzie -- Mi mamá -- ¡Hola, soy yo! -- La escuela es lo mejor -- Tiempo de merendar -- Nacida para recortar y pegar recuerdos -- Mamá y yo -- La artista que llevo dentro -- Mis amigos son lo mejor -- Títulos increíbles -- Fotos de Lizzie -- Otras formas de utilizar tus fotos -- Mi familia es lo mejor -- Clase de cerámica -- Es hora de ver televisión -- Un día maravilloso para el pelo -- ¡Qué viva la escuela! -- Vive tu sueño -- Los diseños de Lizzie
520 3# - SUMMARY, ETC.
Summary, etc. ¡Hay tanto que recortar y pegar y tan poco tiempo!. Hacer un álbum de recuerdos está de moda. Te ayudaré a hacer el tuyo con: Docenas de ideas de páginas increíbles en tres estilos diferentes, consejos para hacer tus páginas súper tiernas, ideas para que plasmes tus textos de manera divertida, nuevas técnicas para aprender todo lo que necesitas para hacer cada página de un álbum de recuerdos, muy original y completamente ¡a tu manera!
546 ## - LANGUAGE NOTE
Information code or alphabet Traducido del inglés.
600 14 - SUBJECT ADDED ENTRY--PERSONAL NAME
Personal name McGuire, Lizzie
General subdivision (personaje ficticio)
9 (RLIN) 36811
650 14 - SUBJECT ADDED ENTRY--TOPICAL TERM
Topical term or geographic name entry element Manualidades
General subdivision Álbumes de recortes
9 (RLIN) 36812
650 24 - SUBJECT ADDED ENTRY--TOPICAL TERM
Topical term or geographic name entry element Muchachas adolescentes
General subdivision Artesanías
9 (RLIN) 36813
650 24 - SUBJECT ADDED ENTRY--TOPICAL TERM
Topical term or geographic name entry element Diario de álbumes de recortes
9 (RLIN) 36814
700 1# - ADDED ENTRY--PERSONAL NAME
Personal name Perdomo P., Mariana,
Relator term traductora
9 (RLIN) 36815
700 1# - ADDED ENTRY--PERSONAL NAME
Personal name Field Dahlstrom, Carol,
Relator term editora
9 (RLIN) 36816
942 ## - ADDED ENTRY ELEMENTS (KOHA)
Source of classification or shelving scheme Dewey Decimal Classification
Koha item type Books
Existencias
Withdrawn status Lost status Source of classification or shelving scheme Damaged status Not for loan Collection code Home library Current library Date acquired Source of acquisition Total Checkouts Total Renewals Full call number Barcode Date last seen Date last checked out Copy number Price effective from Koha item type
    Dewey Decimal Classification     Non-fiction Biblioteca Pública José María del Castillo y Rada Biblioteca Pública José María del Castillo y Rada 02/10/2020 Donación 5 1 745.593 / B218h 201810964 04/01/2026 04/01/2026 Ej.1 04/14/2021 Books